000 00916nam a2200205 a 4500
001 000041465
005 20201002034919.0
008 131007s1977 sp 001 0 spa d
020 _a8400036123
040 _aDO-SdBNP
_bspa
_cBNPHU
100 1 _aPadilla Altamirano, Silvia
_968144
245 1 3 _aLa encomienda en popayan :
_btres estudios /
_cSilvia Padilla Altamirano, María Luisa López Arellano, Adolfo Luis González Rodríguez.
260 _aSevilla :
_bEscuela de Estudios Hispanoamericanos.,
_c1977.
300 _a393 p. ;
_c25 cm.
490 1 _aPublicaciones de la Escuela de Estudios Hispano-Americanos de Sevilla ;
_v328
500 _aIncluye referencias bibliográficas y notas al pie de las páginas
700 1 _aLópez Arellano, María Luisa
_968145
700 1 _aGonzález Rodríguez, Adolfo Luis
_928352
830 0 _aPublicaciones de la Escuela de Estudios Hispano-Americanos de Sevilla
_v238
_930488
999 _c40955
_d40955